| 000 | 00410nam a22001337a 4500 | ||
|---|---|---|---|
| 082 |
_a519.5 _bCHA _cL-4, P-30 |
||
| 100 |
_aChaudhry sher muhammad _937676 |
||
| 245 |
_aIntroduction to statistical theory _bSher muhammad chaudhry |
||
| 260 |
_aLahore, _bGovernment of Punjab _cc1963. |
||
| 300 |
_aiii, 511 p. _bill. _c24 cm. |
||
| 526 |
_a0 _b0 _c0 _d519_500000000000000_CHA |
||
| 650 |
_aMCE _9379 |
||
| 942 |
_2ddc _cBK |
||
| 999 |
_c549573 _d549573 |
||